000 00752aam a2200241 a 4500
008
020 _a0419208208 (pbk.)
049 _aMAIN
090 _aTH146
_bHOL
100 1 _aHoles, Leslie.
245 1 0 _aCreating the built environment :
_ban introduction to the practicalities of designing, constructing and owning buildings /
_cLeslie Holes.
250 _a1st ed.
260 _aLondon :
_bE & FN Spon,
_c1997.
300 _axviii, 409 p. :
_bill. ;
_c24 cm.
500 _aIncludes bibliographical references.
500 _aIncludes index.
650 0 _aBuilding.
907 _a.b10294740
_b19-09-13
_c13-04-11
003
005 20230123125231.0
040 _cNUST
942 _cBOOKS
_kTH146
_mHOL
999 _c138032
_d138032